Southville International School and Colleges
Your cart is empty.
  • Cart
  • Lists
    Public lists Eva Luna New books Lux_list list_1
    Your lists Log in to create your own lists
  • Log in to your account
  • Your cookies
  • Search history
Southville International School and Colleges
  • Advanced search
  • Recent comments
  • Most popular
  • Libraries

Log in to your account

Log in with GOOGLE


If you do not have an external account, but do have a local account, you can still log in:

  1. Home
  2. MARC view: The Seven last words /
Normal view MARC view ISBD view

The Seven last words / (Record no. 8683)

[ view plain ]
MARC details
000 -LEADER
fixed length control field 00928pam a2200277 a 4500
001 - CONTROL NUMBER
control field 3980886
003 - CONTROL NUMBER IDENTIFIER
control field OSt
005 - DATE AND TIME OF LATEST TRANSACTION
control field 20140310182036.0
008 - FIXED-LENGTH DATA ELEMENTS--GENERAL INFORMATION
fixed length control field 951113r19961933nyu 000 0 eng
010 ## - LIBRARY OF CONGRESS CONTROL NUMBER
LC control number 95043410
020 ## - INTERNATIONAL STANDARD BOOK NUMBER
International Standard Book Number 0818904380 (pbk.)
040 ## - CATALOGING SOURCE
Original cataloging agency DLC
Transcribing agency DLC
Modifying agency DLC
050 00 - LIBRARY OF CONGRESS CALL NUMBER
Classification number BT 455
Item number .Sh541 1982
082 00 - DEWEY DECIMAL CLASSIFICATION NUMBER
Classification number HS 232.9635
Item number Sh3 1982
100 1# - MAIN ENTRY--PERSONAL NAME
Personal name Sheen, Fulton J.
Fuller form of name (Fulton John),
Dates associated with a name 1895-1979.
9 (RLIN) 10715
245 14 - TITLE STATEMENT
Title The Seven last words /
Statement of responsibility, etc Fulton J. Sheen.
260 ## - PUBLICATION, DISTRIBUTION, ETC. (IMPRINT)
Place of publication, distribution, etc New York :
Name of publisher, distributor, etc Alba House,
Date of publication, distribution, etc c1982.
300 ## - PHYSICAL DESCRIPTION
Extent 63 p. :
Dimensions 18 cm.
600 00 - SUBJECT ADDED ENTRY--PERSONAL NAME
Personal name Jesus Christ
General subdivision Seven last words
-- Sermons.
9 (RLIN) 10716
610 20 - SUBJECT ADDED ENTRY--CORPORATE NAME
Corporate name or jurisdiction name as entry element Catholic Church
General subdivision Sermons.
9 (RLIN) 10717
650 #0 - SUBJECT ADDED ENTRY--TOPICAL TERM
Topical term or geographic name as entry element Sermons, American
Chronological subdivision 20th century.
9 (RLIN) 10718
906 ## - LOCAL DATA ELEMENT F, LDF (RLIN)
a 7
b cbc
c orignew
d 1
e ocip
f 19
g y-gencatlg
942 ## - ADDED ENTRY ELEMENTS (KOHA)
Source of classification or shelving scheme Library of Congress Classification
Koha item type
Call number prefix
Holdings
Withdrawn status Lost status Source of classification or shelving scheme Damaged status Home library Current library Shelving location Date acquired Total Checkouts Full call number Barcode Date last seen Copy number Price effective from Koha item type
    Library of Congress Classification   Luxembourg Library Luxembourg Library High School Section 08/15/2013   BT 455 .Sh541 1982 12774 08/15/2013 1 08/15/2013 Books

The Seven last words /

APA

Sheen F. J., . (1982). The Seven last words. New York: Alba House.

Chicago

Sheen Fulton J, . 1982. The Seven last words. New York: Alba House.

Harvard

Sheen F. J., . (1982). The Seven last words. New York: Alba House.

MLA

Sheen Fulton J, . The Seven last words. New York: Alba House. 1982.

  • Place hold
  • Print
  • Cite
  • Add to your cart (remove)
  • Save record
    BIBTEX Dublin Core MARCXML MARC (non-Unicode/MARC-8) MARC (Unicode/UTF-8) MARC (Unicode/UTF-8, Standard) MODS (XML) RIS
  • More searches
    Search for this title in:
    Other Libraries (WorldCat) Other Databases (Google Scholar) Online Stores (Bookfinder.com) Open Library (openlibrary.org)

Exporting to Dublin Core...

SOUTHVILLE LIBRARY

Southville International School and Colleges Library

1281 Tropical Ave. Cor. Luxembourg St., BF Homes International, Las Pinas City

Tel. No. 8256374 / 252358 Loc. 117/146

Powered by Koha